| 000 | 01341nab a2200205 i 4500 | ||
|---|---|---|---|
| 001 | 768714001 | ||
| 003 | CO-MdFUSB | ||
| 005 | 20240508160519.0 | ||
| 008 | 240507t1967 sp ||||| |||| 00| 0 spa d | ||
| 040 |
_bspa _cCO-MdFUSB _dCO-MdFUSB |
||
| 041 | _aspa | ||
| 100 |
_aAlfaro, Juan, _eautor |
||
| 245 | 3 |
_aLa fe como entrega personal del hombre a Dios _c/ Juan Alfaro |
|
| 520 | _aEl rasgo definitorio de la fe es la aceptación del don incondicional de Dios, que implica aceptar el amor absoluto sin restricciones. El mensaje cristiano expresa plenamente esta actitud. En él, la iglesia reconoce la gracia de Dios, que nos da a su Hijo y por su Hijo nos envía su Espíritu, para que confiese en lo más profundo de nuestro corazón que Dios es nuestro Padre (Romanos 8:14-17). A través de la fe, una persona ahora entra en una conexión de vida con Dios, y esta conexión se realiza en el conocimiento de Cristo (Juan 17:3; 1 Juan 5:20), en otras palabras, en la conexión de toda la persona con el mensaje y la persona de Cristo. | ||
| 650 | 7 |
_aTeología dogmática _96937 |
|
| 650 | 7 |
_aFe _9531 |
|
| 773 | 0 |
_049450 _982581 _oR2511 _tRevista internacional de teología Concilium _w(CO-MdFUSB)8 _x0210-1041 _gNúmero 21, (enero, 1967), páginas: 56 - 69 _qpágina: 56 |
|
| 942 | _cANA | ||
| 945 | _aCatherine Arias Alvarez - Practicante SENA | ||
| 999 |
_c69562 _d69562 |
||